[Event "Pan American Amateur-ch"]
[Site "San Andres Islas"]
[Date "2014.08.27"]
[Round "2"]
[White "Vallejo, Sixto"]
[Black "Cuellar Rios, Gerardo"]
[Result "1/2-1/2"]
[WhiteElo "1766"]
[BlackElo "1909"]
[PlyCount "70"]
[EventDate "2014.08.26"]
[EventType "swiss"]
[EventRounds "9"]
[EventCountry "COL"]
[SourceTitle "EXT 2016"]
[Source "ChessBase"]
[SourceDate "2015.10.08"]
[SourceVersion "1"]
[SourceVersionDate "2015.10.08"]
[SourceQuality "1"]

1. e4 e5 2. Nf3 Nc6 3. Bc4 Bc5 4. d3 Nf6 5. a3 d6 6. Bg5 Qe7 7. c3 0-0 8. Nbd2 Be6 9. 0-0 Rad8 10. h3 Bb6 11. Qe2 h6 12. Bh4 Rfe8 13. Rae1 Nb8 14. Bb3 Bxb3 15. Nxb3 Nbd7 16. Nbd2 Nf8 17. Nc4 Ng6 18. Nxb6 axb6 19. Bg3 Nh5 20. Qe3 Nhf4 21. d4 Kh7 22. d5 Qf6 23. c4 Ra8 24. Ra1 Ra6 25. a4 Rea8 26. b3 Ra5 27. Rad1 R5a6 28. Kh1 Re8 29. Rc1 Ra5 30. Rc3 Qe7 31. Qd2 Raa8 32. Ng1 Qg5 33. Nf3 Qe7 34. Ng1 Qg5 35. Nf3 Qe7 1/2-1/2